Ľudový šperk

Bibliographic Details
Main Author: Kejlová, Viera (Author)
Format: Article
Language:Slovak
PhysicalDescription:Príloha VN, č. 44, s. 5. Obr. 2.
Subjects:

MARC

LEADER 00000nab a2200000 a 4500
001 vtls000132046
003 SK-MaSNL
005 20260303032309.0
008 111104c1982 xo 0 slo
015 |a SNBRB19rr/mm-uuuuu 
035 |a CL0142152 
040 |a SNKBUCL  |b slo  |c SNKBUCL  |e AACR2 
041 0 |a slo 
044 |a xo  |c SK 
080 |a 391  |2 1981 
080 |a 943.76  |2 1981 
100 1 |a Kejlová, Viera  |4 aut  |9 970929 
245 1 0 |a Ľudový šperk  |c Viera Kejlová 
300 |b Príloha VN, č. 44, s. 5. Obr. 2. 
650 0 7 |a šperky  |2 snkbucl  |9 29009 
650 0 7 |a ozdoby  |2 snkbucl  |9 696658 
655 7 |a články z novín a časopisov  |2 snkbucl  |9 267496 
773 0 |t Východoslovenské noviny  |g Roč. 31, č. 263 (1982) 
850 |a Slovenská národná knižnica v Martine  |a MTA001 
852 |a SNK  |b KIS3GCP 
958 |a RK 
992 |a RBX 
999 |c 1663576  |d 1665506